000 00280nam a2200109Ia 4500
008 200302s9999 xx 000 0 und d
100 _aAuthor
245 _aItsuko Hasegawa Architectural Monographs No 31
260 _bAcdemy Editions Group LTd.
260 _c1993
300 _a143 P.,
999 _c1166
_d1166